000 00497nam a22001697a 4500
999 _c9221
_d9221
008 210330b ||||| |||| 00| 0 eng d
040 _aBMS College of Architecture
100 _aN, V, Pavithra
245 _aLights Museum at Hoody Bangalore
300 _aNA
500 _a1BM02AT017
502 _8B.Arch
_NBMS College of Architecture, Visvesvaraya Technological University
_aProject report
_d2006
650 _aMuseum
650 _aHoody
700 _aRajan Sridhar
_eGuide
942 _2ddc
_cTHE